Algunas comprobacions hechas a la fina estructura del núcleolo / F. X. Farreróns Có
Descripción Física:
11 p. ; 22 cm
Materias:
Partícules (Física nuclear)
MARC
| LEADER | 00000nam a2200000Ia 4500 | ||
|---|---|---|---|
| 001 | 23228 | ||
| 008 | 160829s1828 xx 000 0 cat d | ||
| 080 | |a RF-16-51 | ||
| 100 | |a Farreróns Có, F. X. |9 48029 | ||
| 245 | |a Algunas comprobacions hechas a la fina estructura del núcleolo / F. X. Farreróns Có | ||
| 260 | |a Lérida : |b Imprenta Mariana, |c 1828 | ||
| 300 | |a 11 p. ; |c 22 cm | ||
| 590 | |a Bibliografia. | ||
| 590 | |a Separata de: Butlletí de la Institución Catalana de Historia Natural, 2a sèries, vol. 3, núm. 1-2 (gener-febrer 1928). | ||
| 590 | |a Prové de 4192, exp. 124 | ||
| 650 | |a Partícules (Física nuclear) |9 48030 | ||
| 856 | 4 | |u https://media.diba.cat/diba/fitxers/arxiu/fulletons/bib_23228_1828_baixa.pdf |y Accés lliure | |
| 856 | 4 | |u https://media.diba.cat/diba/fitxers/arxiu/fulletons/bib_23228_1828_baixa.pdf |y Accés lliure | |
| 901 | |a Arxiu | ||
| 942 | |n 1 |2 udc | ||
| 952 | |0 0 |1 0 |4 0 |6 RF1651 |7 1 |9 54282 |a Arxiu |b Arxiu |d 2016-12-01 |l 0 |o RF-16-51 |p 23228 |r 2016-12-01 00:00:00 |w 2016-12-01 |y ARXIU | ||
| 999 | |c 58151 |d 58151 | ||
| 900 | |a bib_23228_1828_baixa.pdf | ||